Почетные граждане города Дзержинска (Запись № 629075)

Подробности
000 -МАРКЕР
контрольное поле 02162nam0a2200313 4500
001 - ИДЕНТИФИКАТОР ЗАПИСИ
контрольное поле RU\NLR\bibl\1317260
005 - ИДЕНТИФИКАТОР ВЕРСИИ
контрольное поле 20260407194108.0
035 ## - ДРУГИЕ СИСТЕМНЫЕ НОМЕРА
Идентификатор записи (NLR Aleph) 001302635
100 ## - ДАННЫЕ ОБЩЕЙ ОБРАБОТКИ
Данные общей обработки 20090119d2005 |||y0rusy50 ca
101 0# - ЯЗЫК РЕСУРСА
Язык текста, звукозаписи и т.д. русский
102 ## - СТРАНА ПУБЛИКАЦИИ ИЛИ ПРОИЗВОДСТВА
Страна публикации Российская Федерация
105 ## - ПОЛЕ КОДИРОВАННЫХ ДАННЫХ: ТЕКСТОВЫЕ МАТЕРИАЛЫ, МОНОГРАФИЧЕСКИЕ
Кодированные данные о монографическом текстовом документе a |||||||||
200 1# - ЗАГЛАВИЕ И СВЕДЕНИЯ ОБ ОТВЕТСТВЕННОСТИ
Основное заглавие Почетные граждане города Дзержинска
Сведения, относящиеся к заглавию биобиблиографический указатель
Первые сведения об ответственности Администрация г. Дзержинска, НОМУ "Централиз. библиотеч. система", [Центр. гор. б-ка им. Н. Крупской, Отд. краеведения]
Последующие сведения об ответственности [сост. Максимова Т.Н.
Сведения, относящиеся к заглавию под ред. Жуковской Т.Б.]
210 ## - ПУБЛИКАЦИЯ, РАСПРОСТРАНЕНИЕ И ДР.
Место издания, распространения и т.д. Дзержинск
Имя издателя, распространителя и т. д. Издание Централизованной библиотечной системы
Дата издания, распространения и т.д. 2005
215 ## - ФИЗИЧЕСКАЯ ХАРАКТЕРИСТИКА
Специфическое обозначение материала и объем 148 с., [4] л. ил., цв. ил.
Другие сведения о физической характеристике портр.
Размеры 22
300 ## - ОБЩИЕ ПРИМЕЧАНИЯ
Текст примечания На обл.: Победа. 60 лет
320 ## - ПРИМЕЧАНИЯ О НАЛИЧИИ В ДОКУМЕНТЕ БИБЛИОГРАФИИ / УКАЗАТЕЛЯ
Текст примечания Библиогр. в конце слов. ст.
423 #0 - ИЗДАЕТСЯ В ОДНОЙ ОБЛОЖКЕ ВМЕСТЕ С ...
Встроенное поле 2001#$aОчерки$fавт. очерков Фельдштейн И.Б.
-- 700#1$aФельдштейн$bИ. Б.$4070
-- 210##$aДзержинск$d2005
-- 215##$aС. 80-143
Заглавие Очерки
Автор Фельдштейн, И. Б.
606 1# - НАИМЕНОВАНИЕ ТЕМЫ КАК ПРЕДМЕТ
Наименование темы Почетные граждане
Формальный подзаголовок Биобиблиография
Географический подзаголовок Дзержинск, город (Нижегородская область)
Системный номер авторитетной/нормативной записи 2573068
Идентификатор авторитетной/нормативной записи RU\NLR\auth\661521498
686 ## - ИНДЕКСЫ ДРУГИХ КЛАССИФИКАЦИЙ
Индекс Т3(2Р-4Ни-2Д)я10
702 #1 - ИМЯ ЛИЦА - ВТОРИЧНАЯ ОТВЕТСТВЕННОСТЬ
Код отношения Составитель
Материалы, к которым относится поле rus
Графика поля Кириллица
Начальный элемент ввода Максимова
Часть имени, кроме начального элемента ввода Т. Н.
Дополнения к именам, кроме дат библиограф
Расширение инициалов личного имени Татьяна Николаевна
Идентификатор авторитетной/нормативной записи RU\NLR\auth\7782071
Системный номер авторитетной/нормативной записи 64999
702 #1 - ИМЯ ЛИЦА - ВТОРИЧНАЯ ОТВЕТСТВЕННОСТЬ
Код отношения Редактор
Материалы, к которым относится поле rus
Графика поля Кириллица
Начальный элемент ввода Жуковская
Часть имени, кроме начального элемента ввода Т. Б.
Дополнения к именам, кроме дат библиотековед
Расширение инициалов личного имени Татьяна Борисовна
Идентификатор авторитетной/нормативной записи RU\NLR\auth\7782072
Системный номер авторитетной/нормативной записи 65000
712 02 - НАИМЕНОВАНИЕ ОРГАНИЗАЦИИ - ВТОРИЧНАЯ ОТВЕТСТВЕННОСТЬ
Код отношения Прочие
Начальный элемент ввода Центральная городская библиотека им. Н. Крупской
Идентифицирующий признак Дзержинск
Структурное подразделение Отдел краеведения
Идентификатор авторитетной/нормативной записи RU\NLR\AUTH\8810128195
Системный номер авторитетной/нормативной записи 753479
801 #0 - ИСТОЧНИК ЗАПИСИ
Страна Российская Федерация
Организация NLR
Дата составления 20090119
Правила каталогизации RCR
801 #1 - ИСТОЧНИК ЗАПИСИ
Страна Российская Федерация
Организация NLR
Дата составления 20090119
942 ## - ДОПОЛНИТЕЛЬНЫЕ ЭЛЕМЕНТЫ ЗАПИСИ (АБИС)
Тип экземпляра АБИС Книга
980 ## - КОЛЛЕКЦИЯ
Название коллекции Национальная библиография
Экземпляры
Тип экземпляра Дата поступления Источник поступления Библиотека постоянного хранения Библиотека текущего хранения Место хранения Шифр хранения Штрих-код Статус экземпляра
Книга 19.01.2009 Дар РНБ (Московский) РНБ (Московский) Центральная справочная библиотека С 2009-2/32 1-1180770